Loading...
| Fine Arts - Auditory Fine Arts | 4 | 15.00 | 100% | 50% | 0% | 
| Fine Arts - Other Fine Arts | 5 | 12.00 | 100% | 20% | 0% | 
| Fine Arts - Visual Fine Arts | 3 | 23.33 | 100% | 100% | 33% | 
| Geography | 1 | 10.00 | 100% | 0% | 0% | 
| History - American History | 3 | 20.00 | 100% | 67% | 33% | 
| History - European History | 5 | 18.00 | 100% | 60% | 20% | 
| History - Other History | 4 | 12.50 | 75% | 50% | 0% | 
| History - World History | 4 | 12.50 | 100% | 25% | 0% | 
| Literature - American Literature | 6 | 21.67 | 100% | 67% | 50% | 
| Literature - British Literature | 4 | 12.50 | 100% | 25% | 0% | 
| Literature - European Literature | 5 | 18.00 | 100% | 40% | 40% | 
| Literature - World Literature | 4 | 20.00 | 100% | 100% | 0% | 
| Mythology | 1 | 20.00 | 100% | 100% | 0% | 
| Philosophy | 5 | 16.00 | 100% | 60% | 0% | 
| Religion | 4 | 12.50 | 75% | 50% | 0% | 
| Science - Biology | 4 | 15.00 | 100% | 50% | 0% | 
| Science - Chemistry | 2 | 5.00 | 50% | 0% | 0% | 
| Science - Other Science | 3 | 13.33 | 100% | 33% | 0% | 
| Science - Physics | 4 | 12.50 | 100% | 25% | 0% | 
| Social Science | 4 | 15.00 | 100% | 50% | 0% |